Quick Pick: Cities in Japan Quiz Stats

 Plays Quiz Updated Aug 29, 2019

Score 0/12 Timer 01:00
82 Plays Today
% Correct
Tokyo
97.3%
Hiroshima
95.9%
Kyoto
95.4%
Osaka
95.3%
Yokohama
92.3%
Fukuoka
90.6%
Nagoya
90.3%
Kobe
87.9%
Sapporo
86.5%
Kawasaki
84.1%
Sendai
56.5%
Chiba
53%

Today's Daily Dose

Missing Word
Celine Dion

Word Ladder
Dr. Seuss Books

Quick Pick
Cities in India

Get the Picture
'A' Actresses

You're not logged in!

Compare scores with friends on all Sporcle quizzes.
OR
Log In

Sporcle TV

Today on Sporcle TV


Watch our educational content, quiz creation guides, and fun videos on Sporcle TV.

Show Comments

Extras

Top Quizzes Today


Score Distribution

Your Account Isn't Verified!

In order to create a playlist on Sporcle, you need to verify the email address you used during registration. Go to your Sporcle Settings to finish the process.

Report this User

Report this user for behavior that violates our Community Guidelines.

Details: